000 00444nam a2200157 i 4500
001 39940
003 ES-MaACL
005 20230906160115.0
007 t|
008 030304s1972 sp ||||1| spa d
100 1 _aCarro Celada, Esteban.
_935826
245 1 0 _aPaisaje creador de León /
_cEsteban Carro Celada.
260 _aAstorga :
_b[s.n.,
_c1972] (
_fGráf. Cornejo)
300 _a28 p. ;
_c21 cm.
852 _aES-MaACL
_j2081-F-8
_bR.85199
999 _c39940
_d39940